| 000 | 02267cam a22005054i 4500 | ||
|---|---|---|---|
| 003 | PE-LiUPU | ||
| 005 | 20250731165503.0 | ||
| 008 | 150623s r 000 0 d | ||
| 020 | _a1841270040 | ||
| 035 | _a(Sirsi) i9781841270043 | ||
| 040 |
_aPE-LiUPU _bspa _cPE-LiUPU _erda |
||
| 049 | _aPRUA | ||
| 082 | 0 | 4 |
_a225.077 _bJ _221 |
| 245 | 0 | 0 |
_aCharacterization in the gospels : _breconceiving narrative criticism. _n184 / _cEditado por David Rhoads. |
| 264 | 1 |
_aSheffield, Inglaterra : _bSheffield Academic Press, _c1999. |
|
| 300 |
_a298 páginas ; _c24 centímetros |
||
| 336 |
_atext _2rdacontent |
||
| 337 |
_aunmediated _2rdamedia |
||
| 338 |
_avolume _2rdacarrier |
||
| 490 | 0 |
_aJournal for the Study of the New Testament. Supplement Series ; _v184 |
|
| 504 | _aIncluye bibliografía. | ||
| 505 | 0 | _aReconceiving narrative criticism. -Characters in the making: individuality and ideology in the gospels. -Characterization and persuasion: the rich man and the poor man in Luke 16.19-31. -Peter as character and symbol in the gospel of Matthew. -Naming the nameless: gender and discipleship in Matthew's passion narrative. -The son of man and his followers: a q portraid of Jesus. -A character resurrected: Lazarus in the fourth gospel and afertrwards. -narratuve criticism: practices and prospects. | |
| 526 | _aSEG44 | ||
| 526 | _aSEG26 | ||
| 526 | _aP151 | ||
| 526 | _aP150 | ||
| 526 | _aP149 | ||
| 526 | _aP146 | ||
| 526 | _aP145 | ||
| 526 | _aP126 | ||
| 526 | _aP125 | ||
| 526 | _aP92 | ||
| 526 | _aP75 | ||
| 526 | _aP74 | ||
| 526 | _aP27 | ||
| 526 | _aP15 | ||
| 630 |
_aBiblia. _pN.T. _pEvangelios _xCrítica, interpretación, etc. |
||
| 700 | 1 |
_aRhoads, David, _eed. |
|
| 942 |
_2ddc _cBOOK |
||
| 949 |
_aRC 225.077 J 184 _wDEWEY _c1 _i46447 _lCCODEBUL1 _mBUL _r0 _sY _tBOOK _u2015-6-24 _xTEOLOGIA _PP35 _0COMPRA _o.CIRCNOTE. No olvidar cambiar la fecha de devolución!!!!!!! _o.STAFF. Colección General |
||
| 994 |
_aC0 _bPEPRU |
||
| 596 | _a1 | ||
| 999 |
_aRC 225.077 J 184 _wDEWEY _c23214 _i46447 _f2021-11-8 _g7 _lCCODEBUL1 _mBUL _r1 _sY _tBOOK _u2015-6-24 _xTEOLOGIA _PP35 _0COMPRA _o.CIRCNOTE. No olvidar cambiar la fecha de devolución!!!!!!! _o.STAFF. Colección General _d23214 |
||
| 980 |
_81 _gALBERTO SANCHEZ Responsable de Automatización |
||